| 000 | 00369nam a2200133Ia 4500 | ||
|---|---|---|---|
| 008 | 260210s9999 xx 000 0 und d | ||
| 024 | _a11B-105-BS | ||
| 082 | _a005.203072 MUH | ||
| 100 | _aMuhammad Arsalan Bhatti | ||
| 245 | 0 | _aNCEAC Course Filling Form | |
| 260 |
_aKarachi: _bUITU, _c2011 |
||
| 600 | _aComputer Science | ||
| 650 | _aBachelor of Computer Science (BS) | ||
| 999 |
_c32375 _d32375 |
||